Loading...
| History - American History | 0 | 7 | 0 | 2 | 70 | 101 | 116.14 | 0 | 0 |
| Religion | 0 | 7 | 1 | 2 | 65 | 49 | 96.43 | 0 | 1 |
| Any History | 0 | 6 | 0 | 1 | 60 | 108 | 117.67 | 0 | 0 |
| Geography | 0 | 5 | 0 | 0 | 50 | 82 | 101.60 | 0 | 0 |
| History - European History | 0 | 5 | 1 | 0 | 45 | 105 | 121.20 | 0 | 0 |
| Social Science | 0 | 4 | 1 | 1 | 35 | 107 | 120.75 | 0 | 0 |
| History - World History | 0 | 4 | 1 | 0 | 35 | 84 | 99.75 | 0 | 0 |
| Other Academic | 0 | 3 | 0 | 1 | 30 | 95 | 115.33 | 0 | 0 |
| Current Events | 0 | 3 | 0 | 1 | 30 | 79 | 115.67 | 0 | 0 |
| Literature - World Literature | 0 | 2 | 0 | 0 | 20 | 117 | 123.50 | 0 | 0 |
| Painting & Sculpture | 0 | 2 | 0 | 0 | 20 | 97 | 115.50 | 0 | 0 |
| Literature - American Literature | 0 | 2 | 0 | 0 | 20 | 118 | 124.50 | 0 | 0 |
| Fine Arts - Classical Music | 0 | 2 | 0 | 0 | 20 | 130 | 140.50 | 0 | 0 |
| Science - Biology | 0 | 1 | 0 | 0 | 10 | 100 | 100.00 | 0 | 0 |
| Literature - British Literature | 0 | 1 | 0 | 0 | 10 | 139 | 139.00 | 0 | 0 |
| Science - Chemistry | 0 | 1 | 0 | 0 | 10 | 104 | 104.00 | 0 | 0 |
| Literature - European Literature | 0 | 1 | 0 | 1 | 10 | 151 | 151.00 | 0 | 0 |
| Science - Physics | 0 | 0 | 1 | 0 | -5 | 0.00 | 0 | 0 | |
| Philosophy | 0 | 0 | 2 | 0 | -10 | 0.00 | 0 | 0 | |
| Fine Arts - Other Fine Arts | 0 | 0 | 2 | 0 | -10 | 0.00 | 0 | 0 |